Questions expertes sur One Piece - Statistiques

Statistiques générales
  • Ce quiz a été pris 1 228 fois
  • Le résultat moyen est 4 sur 8
Statistiques - réponses
Hint Réponse % Correct
Combien de coups de poing Luffy a-t-il administrés à Bellamy au total ? 2
92%
Quel est le ou la supernovae à la prime la moins élevée ? Urouge
84%
Dans quel tome Barbe Noire apparaît-il pour la première fois ? 24
67%
Quel est l'âge exact De Charlotte Linlin ? 68
55%
Contre quel agent du CP9 Usopp se bat-il sur Enies Lobby ? Jabura
51%
De quelle technique Luffy se sert-il afin de vaincre Baggy le Clown ? Gum Gum Bazooka
44%
Quelle est la somme des primes de tous les ennemis affrontés par Luffy sur East Blue (en millions de berry) ? 73
24%
Quel est la date d'anniversaire de Roronoa Zoro ? 11 novembre
21%
Aucun quiz correspondant
Distribution des résultats
% des personnes avec chaque résultat
Percentile par nombre de réponses
Votre historique - résultats
Vous n’avez pas pris ce quiz